| 000 | 00866nam a2200229 a 4500 | ||
|---|---|---|---|
| 005 | 20240924064247.0 | ||
| 008 | 991125s1994 mx 000 0 spa u | ||
| 020 | _a9682985404 | ||
| 035 | _aUPN01000002579 | ||
| 049 | _aCG | ||
| 050 | 4 |
_aLC5309 U59 _bA2001-3 1994 AB |
|
| 100 | 1 |
_aNanguse Ramírez, Jorge _929734 |
|
| 245 | 1 | 0 |
_aAnálisis curricular : _bantología básica / _cJorge Nanguse Ramírez, M. Alejandro Mota González, Gerardo A. Cosaín Simental ; coord. Xóchitl Leticia Moreno Fernández. |
| 260 |
_aMéxico : _bUPN, _c1994. |
||
| 300 | _a175 p. | ||
| 500 | _a"Licenciatura en educación Plan 1994" | ||
| 650 | 4 |
_aEducación _vPlanes y programas _96413 |
|
| 700 | 1 |
_aMota González, M. Alejandro, _ecoaut. _929687 |
|
| 700 | 1 |
_aCosaín Simental, Gerardo A., _ecoaut. |
|
| 700 | 1 |
_aMoreno Fernández, Xóchitl Leticia, _ecoord. _929396 |
|
| 905 | _aLibro | ||
| 999 |
_c2579 _d2579 |
||